000 00738nam a2200253 a 4500
001 BRCA_4741
005 20190320204802.0
008 071010c1942----gw-a######---#000-0#ger-#
041 _ager
044 _agw
050 4 _aND813.G6
_b.Z33 1
_c1942
100 1 _aZahn, Leopold
_912002
245 1 0 _aGoya caprichos
_cvon Leopold Zahn.
260 _aBerlín, Alemania
_bGustav, Kiepenheuer
_c1942
300 _a23 p.
_bil., 80 láminas
_c27 cm.
500 _aIncluye índice de ilustraciones
500 _aEjemplar igual a D119
500 _aD83
600 1 4 _aGoya y Lucientes, Francisco José de
_d1746-1828
_911075
650 1 4 _aGrabadores españoles
_97740
650 1 4 _aPintores españoles
_97620
902 _aGFM
942 _2lcc
_cB
999 _c4439
_d4439